<?xml version="1.0" encoding="UTF-8"?>
<record
    xmlns:xsi="http://www.w3.org/2001/XMLSchema-instance"
    xsi:schemaLocation="http://www.loc.gov/MARC21/slim http://www.loc.gov/standards/marcxml/schema/MARC21slim.xsd"
    xmlns="http://www.loc.gov/MARC21/slim">

  <leader>00800nam a22002297a 4500</leader>
  <controlfield tag="005">20241128151418.0</controlfield>
  <datafield tag="010" ind1=" " ind2=" ">
    <subfield code="a">ENG-142687</subfield>
  </datafield>
  <datafield tag="020" ind1=" " ind2=" ">
    <subfield code="c">815.00</subfield>
    <subfield code="a">9788196874346</subfield>
  </datafield>
  <datafield tag="035" ind1=" " ind2=" ">
    <subfield code="a">EN-126219</subfield>
  </datafield>
  <datafield tag="037" ind1=" " ind2=" ">
    <subfield code="b">DBAD</subfield>
  </datafield>
  <datafield tag="082" ind1=" " ind2=" ">
    <subfield code="a">621</subfield>
    <subfield code="2">4</subfield>
  </datafield>
  <datafield tag="100" ind1=" " ind2=" ">
    <subfield code="a">Bass, Len </subfield>
    <subfield code="9">74281</subfield>
  </datafield>
  <datafield tag="245" ind1=" " ind2=" ">
    <subfield code="a">Software Architecture in Practice/</subfield>
    <subfield code="c">By Len Bass; Paul Clements [and] Rick Kazman </subfield>
  </datafield>
  <datafield tag="250" ind1=" " ind2=" ">
    <subfield code="a">4</subfield>
  </datafield>
  <datafield tag="260" ind1=" " ind2=" ">
    <subfield code="a">Uttar Pradesh</subfield>
    <subfield code="b">Pearson India Education Pvt Ltd</subfield>
    <subfield code="c">2025</subfield>
  </datafield>
  <datafield tag="270" ind1=" " ind2=" ">
    <subfield code="b">Uttar Pradesh</subfield>
    <subfield code="a">1st FLoor, Berger Tower, Plot No. C-001A/2, Sector-16B, Noida</subfield>
    <subfield code="e">201301</subfield>
  </datafield>
  <datafield tag="300" ind1=" " ind2=" ">
    <subfield code="a">xviii,378p.</subfield>
    <subfield code="c">23cm(pb)</subfield>
    <subfield code="b">Index</subfield>
  </datafield>
  <datafield tag="500" ind1=" " ind2=" ">
    <subfield code="a"> Mobility, Cloud software, AI/Machine Learning</subfield>
  </datafield>
  <datafield tag="700" ind1=" " ind2=" ">
    <subfield code="a">Clements, Paul </subfield>
    <subfield code="e">Author</subfield>
    <subfield code="9">74276</subfield>
  </datafield>
  <datafield tag="700" ind1=" " ind2=" ">
    <subfield code="a">Kazman, Rick  </subfield>
    <subfield code="e">Author</subfield>
    <subfield code="9">74282</subfield>
  </datafield>
  <datafield tag="942" ind1=" " ind2=" ">
    <subfield code="2">ddc</subfield>
    <subfield code="c">EN</subfield>
    <subfield code="h">621</subfield>
    <subfield code="m">BAS</subfield>
    <subfield code="e">4</subfield>
  </datafield>
  <datafield tag="999" ind1=" " ind2=" ">
    <subfield code="c">207163</subfield>
    <subfield code="d">207163</subfield>
  </datafield>
  <datafield tag="952" ind1=" " ind2=" ">
    <subfield code="0">0</subfield>
    <subfield code="1">0</subfield>
    <subfield code="4">0</subfield>
    <subfield code="7">0</subfield>
    <subfield code="8">NFIC</subfield>
    <subfield code="a">AV</subfield>
    <subfield code="b">AV</subfield>
    <subfield code="d">2024-11-28</subfield>
    <subfield code="e">Delivery of Books Act Division</subfield>
    <subfield code="g">815.00</subfield>
    <subfield code="l">0</subfield>
    <subfield code="o">621 BAS</subfield>
    <subfield code="p">EN-126219</subfield>
    <subfield code="r">2024-11-28 00:00:00</subfield>
    <subfield code="t">1</subfield>
    <subfield code="v">815.00</subfield>
    <subfield code="w">2024-11-28</subfield>
    <subfield code="y">EN</subfield>
  </datafield>
</record>
